| 000 | 00806nam a22002177a 4500 | ||
|---|---|---|---|
| 005 | 20100810160533.0 | ||
| 010 | _aENG-99437 | ||
| 020 |
_a9789380060675 _c175.00 |
||
| 020 |
_a938006067x _c175.00 |
||
| 035 | _aEN-82969 | ||
| 037 | _bDBAD/PUR | ||
| 082 | _a004.6 | ||
| 100 |
_aPraba, K.S. _910409 |
||
| 245 |
_aIntroductory aspect of computer networks / _cby K. S. Praba |
||
| 260 |
_aSalem _bM.S.K. Publications _c2009 |
||
| 270 |
_a3/189-E, Athanoor Amman Kovil St., Masinayaganpatti- Post, Ayyothiya ppattinam _bSalem _e636103 |
||
| 300 |
_a116p.: _bill. _c21cm (pbk) |
||
| 650 |
_aComputer network _910410 |
||
| 942 |
_2ddc _cEN _h004.6 _mPRA |
||
| 999 |
_c40779 _d40779 |
||